| 000 | 00659 a2200181 4500 | ||
|---|---|---|---|
| 003 | Nust | ||
| 005 | 20170207153213.0 | ||
| 040 | _cNust | ||
| 082 | _a005.1 | ||
| 100 | _aIftikhar, Nauman (MSCS-13) | ||
| 245 |
_aLocation and classification of moving objects _cNauman Iftikhar |
||
| 260 |
_bMCS,NUST _c2009 _aRawalpindi |
||
| 300 | _a60, p.; | ||
| 505 | _aIntroduction to Thesis (page-1) Review of techniques devised for location and classification (Page-5) Object location (page-10) Object location (page-22) Design and implementation (page-31) Results and analysis (page-38) | ||
| 538 | _aAlmirah No 73 Shelf No 2 | ||
| 650 | _aPG Thesis | ||
| 651 | _aMSCS-13 | ||
| 942 | _cTHS | ||
| 999 |
_c181491 _d181491 |
||